00660nam a2200157 a 4500003000200000005001700002008004100019050002900060100003100089245012000120260009000240300004000330504004100370650005200411650003900463020250505144830.0050808s19uu xx 00 eng d aPHS HV 887.P6b.P37 2005 aParadero, Ruth Danielle C. aA Study on the hopes and aspirations of street children in BF Homes, Parañaque City /cRuth Danielle C. Paradero. aLas Piñas City, Philippines :bSouthville International School and Colleges,c2005. a35 pages :billustrations ;c28 cm. aIncludes bibliographical references. aStreet childrenzPhilippineszParañaque City. aAspirations of youthzPhilippines.